00517nam a2200181 a 4500001001300000003000900013005001700022008004100039020002300080082001300103100001600116245008300132260004900215300000900264500003500273650001100308700001600319nice12345678IN_TiNIC20260116014931.0070914s1980 mica grp 000 0 eng  a0310354501 c10000a262bBRA aBrand, Paul aFearfully and Wonderfully Madeb A Surgen Looks at the Human and Spritual Body aMichigan bZondervan Publishing House c1980 a213p aincludes index and biblioraphy aChurch1 aBrand, Paul